川崎鶴見臨港バスの全停留所 - Statistics

General Stats
  • This quiz has been taken 18 times
    5 since last reset
  • The average score is 22 of 414
Answer Stats
停留所名 % Correct
新綱島駅
80%
浮島バスターミナル
60%
川崎駅西口
60%
川崎駅前
60%
新横浜駅前
60%
大師
60%
鶴見駅西口
60%
鶴見駅東口
60%
富士電機前
60%
ふれーゆ
60%
エリーパワー前
40%
上の宮一丁目
40%
菊名駅前
40%
駒岡
40%
駒岡車庫
40%
新川崎交通広場
40%
大師橋駅前
40%
綱島駅入口
40%
中原
40%
浜川崎駅前
40%
馬場七丁目
40%
水江町
40%
横須賀線小杉駅
40%
浅田一丁目
20%
浅田三丁目
20%
浅田二丁目
20%
池上町
20%
一の辻
20%
入船橋
20%
浮島橋
20%
追分
20%
小田一丁目
20%
小田公園前
20%
小田三丁目
20%
小田二丁目
20%
小田踏切
20%
鹿島田駅前
20%
亀甲山
20%
川崎小学校前
20%
かわさきファズ
20%
京町
20%
空港二丁目交差点
20%
久根崎
20%
鋼管病院前
20%
小土呂橋
20%
さいか屋前
20%
三の辻
20%
塩浜営業所
20%
塩浜二丁目
20%
昭和坂上
20%
新川崎駅
20%
新川橋
20%
浅間前
20%
樽町
20%
ダイワコーポレーション前
20%
天空橋駅
20%
殿町
20%
殿町一丁目
20%
殿町三丁目
20%
殿町二丁目
20%
トレッサ横浜
20%
中原駅前
20%
二の辻
20%
八丁畷
20%
浜川崎営業所
20%
東寺尾
20%
二ツ池
20%
札の下
20%
三ツ池口
20%
三ツ池公園
20%
三井埠頭
20%
南町
20%
羽田空港第3ターミナル
20%
JFE前
20%
浅田小学校前
0%
浅野駅前
0%
旭台
0%
旭変電所前
0%
芦穂橋
0%
味の素前
0%
池田一丁目
0%
池田町
0%
池の下
0%
池藤橋
0%
砂子一丁目
0%
いすゞ鶴見工場前
0%
伊勢山神社下
0%
井田三舞町
0%
井田小学校入口
0%
井田消防前
0%
井田杉山町
0%
井田中ノ町
0%
一の瀬
0%
一本橋
0%
浮島中央
0%
浮島町公園入口
0%
浮島町五番地
0%
浮島町十番地
0%
浮島橋交番前
0%
浮島橋西
0%
汐田総合病院前
0%
内路
0%
海ほたる
0%
江ヶ崎
0%
江ヶ崎八幡
0%
江川一丁目
0%
江川町
0%
大川町北
0%
大川町東
0%
大川町南
0%
大川橋
0%
扇橋
0%
大島一丁目
0%
大島五丁目
0%
大島三丁目
0%
大島四丁目
0%
大綱橋
0%
大戸小学校前
0%
大戸神社前
0%
小倉
0%
小倉下町
0%
小倉小学校前
0%
小倉神社裏
0%
小倉神社前
0%
小倉陸橋
0%
小田五丁目
0%
小田栄
0%
小田小学校前
0%
小田郵便局前
0%
小田六丁目
0%
小野町
0%
表谷戸
0%
貝塚
0%
鹿島田駅入口
0%
鹿島田陸橋
0%
蒲田駅 (東口)
0%
上末吉
0%
上末吉郵便局前
0%
上の宮中学
0%
苅宿
0%
カルッツかわさき・富士見公園
0%
川崎運送前
0%
川崎駅ラゾーナ広場
0%
川崎東郵便局前
0%
川崎病院
0%
かわさきファズ正門前
0%
川崎マリエン前
0%
川崎港郵便局前
0%
川中島
0%
寛政
0%
神田
0%
観音一丁目
0%
観音二丁目
0%
観音橋
0%
菊名小学校入口
0%
菊名橋
0%
菊名老人センター前
0%
木更津駅東口
0%
木更津金田バスターミナル
0%
北加瀬
0%
北加瀬三丁目
0%
北加瀬二丁目
0%
北島
0%
北寺尾
0%
北寺尾七丁目
0%
北寺尾郵便局
0%
木月上之町
0%
木月住吉
0%
木月天王森
0%
木月四丁目
0%
京三製作所前
0%
京町三丁目
0%
キングスカイフロント入口
0%
キングスカイフロント西
0%
キングスカイフロント東
0%
行定庵前
0%
銀柳街入口
0%
栗田病院前
0%
競馬場前
0%
競輪場前
0%
県営埋立地入口
0%
県営住宅前
0%
公園正門
0%
鋼管通三丁目
0%
鋼管通二丁目
0%
港北区総合庁舎前
0%
港北車庫前
0%
港北小学校前
0%
港北年金事務所入口
0%
国道尻手
0%
越路
0%
小島町
0%
小杉駅入口グランツリー前
0%
小杉駅東口
0%
駒岡十字路
0%
駒岡八幡神社前
0%
駒岡不動尊前
0%
小松製作所前
0%
幸警察署前
0%
幸高校前
0%
栄町公園
0%
桜本
0%
さつき橋
0%
汐入二丁目
0%
汐鶴橋
0%
汐鶴橋通
0%
獅子ヶ谷
0%
尻手駅前
0%
下小田中
0%
下新田
0%
下末吉公園口
0%
下末吉国道際
0%
下の町住宅前
0%
下平間
0%
石神橋
0%
市役所前
0%
正教寺前
0%
菖蒲園前
0%
昭和町
0%
昭和二丁目
0%
白石駅前
0%
白石町
0%
白石橋
0%
市立川崎高校前
0%
新川崎駅入口
0%
新菊名橋
0%
新鶴見小学校南
0%
新鶴見橋
0%
神明社前
0%
神明町車庫
0%
神明町平安会館さいわい前
0%
自動車鋳物前
0%
寿福寺前
0%
静翁寺前
0%
成就院前
0%
末吉小学校前
0%
末吉橋
0%
末吉橋西詰
0%
末吉不動前
0%
杉山神社入口
0%
ゼロ・エミ工業団地
0%
そうてつローゼン前
0%
袖ヶ浦バスターミナル
0%
タカセセンター前
0%
鷹野大橋
0%
宝組前
0%
橘学苑・橘テニスアカデミー前
0%
樽野谷
0%
樽町中央
0%
ダイエー川崎プロセスセンター
0%
大師河原
0%
大師高校前
0%
大師橋駅入口
0%
大師保育園前
0%
大東町
0%
台町
0%
長松寺前
0%
貯水池前
0%
塚越
0%
塚越交番前
0%
月見ヶ丘
0%
佃野
0%
鶴見区総合庁舎入口
0%
鶴見高校前
0%
鶴見神社前
0%
鶴見総合高校前
0%
鶴見造船所前
0%
鶴見中央四丁目
0%
寺尾中学入口
0%
寺谷角
0%
出来野
0%
電気の史料館入口
0%
樋橋
0%
東亞合成川崎工場前
0%
東亞合成横浜工場前
0%
東亜石油前
0%
東京ガス前
0%
東京ディズニーシー®
0%
東京ディズニーランド®
0%
東芝エネルギーシステムズ浜川崎工場前
0%
東芝京浜
0%
東芝西タービン前
0%
東電研究所前
0%
東部病院
0%
東明寺前
0%
戸手小学校前
0%
殿町小学校前
0%
殿山
0%
豊岡一丁目
0%
豊岡二丁目
0%
トレッサ横浜前
0%
中幸町
0%
中幸町三丁目
0%
中島交番前
0%
中島二丁目
0%
中島三丁目
0%
中之原住宅前
0%
中原駅入口
0%
仲谷戸
0%
西加瀬
0%
西水江
0%
日大高校前
0%
日興スクエア
0%
日清製粉前
0%
日東亜鉛前
0%
日本食肉流通センター
0%
二本木
0%
白鵬女子高校前
0%
花見橋
0%
羽田空港二丁目
0%
浜町三丁目
0%
浜町二丁目
0%
馬場小学校
0%
馬場谷
0%
馬場町
0%
東扇島十七番地
0%
東扇島二十三番地
0%
東扇島二十番地
0%
東高校入口
0%
東住吉小学校
0%
東不二見台
0%
ひがし前
0%
日立造船入口
0%
日出町
0%
日吉駅東口
0%
日吉五丁目
0%
日吉中学校前
0%
藤崎一丁目
0%
藤崎二丁目
0%
藤崎四丁目
0%
富士塚
0%
プラウドシティ日吉
0%
平安小学校前
0%
平安一丁目
0%
平安二丁目
0%
変電所前
0%
別所
0%
ペットリファインテクノロジー前
0%
法隆寺前
0%
ホテル前
0%
本町一丁目
0%
本町通四丁目
0%
本町二丁目
0%
松岡東京湾岸物流センター前
0%
松見町
0%
松見町四丁目
0%
三角
0%
三ツ池公園入口
0%
三ツ池公園北門
0%
三ツ池道
0%
三井アウトレットパーク木更津
0%
三菱ふそう前
0%
港町
0%
南加瀬交番前
0%
南加瀬住宅前
0%
南加瀬二丁目
0%
南加瀬原町
0%
南幸町
0%
南幸町二丁目
0%
南谷戸
0%
箕輪町
0%
宮の下
0%
宮前
0%
宮前中町
0%
宮前西町
0%
向井町四丁目
0%
明治橋
0%
明治横浜研究所前
0%
元住吉
0%
森永工場前
0%
野球場裏
0%
矢向駅前
0%
矢向西町
0%
矢向南町
0%
八千代田
0%
谷戸
0%
山崎
0%
夢見ヶ崎動物公園前
0%
ヨコハマアイランドガーデン
0%
横浜アリーナ前
0%
四ツ角
0%
四谷
0%
四谷上町
0%
四谷下町
0%
横浜駅東口バスターミナル
0%
理研・市大大学院前
0%
陸橋下
0%
臨港警察署前
0%
臨港中学校前
0%
臨港病院前
0%
レゾナック前
0%
労災病院前
0%
労働会館前
0%
ロクゴー前
0%
若宮八幡宮前
0%
渡田三丁目
0%
渡田小学校前
0%
渡田新町
0%
渡田第二公園
0%
渡田中学入口
0%
渡田二丁目
0%
渡田向町
0%
渡田四丁目
0%
ENEOS浮島南
0%
ENEOS株式会社浮島前
0%
ENEOS株式会社川崎事業所前
0%
ENEOS NUC前
0%
JERA東扇島
0%
JFE池上正門前
0%
JFE扇島正門前
0%
JFEコンテイナー前
0%
NX商事前
0%
POSCO前
0%
横浜駅 (YCAT)
0%
No matching quizzes found
Score Distribution
Percent of People with Each Score
Percentile by Number Answered
Your Score History
You have not taken this quiz since the last reset